000 00707cam a2200217 4500500
005 20260405004100.0
041 _afre
042 _adc
100 1 0 _aLarmagnac-Matheron, Octave
_eauthor
700 1 0 _aOrtoli, Sven
_eauthor
245 0 0 _aMarie Gaille : Machiavel, une postérité disputée
260 _c2022.
500 _a43
690 _aCrise
690 _aLe Prince
690 _aMachiavel
690 _aMachiavélisme
690 _aPouvoir
786 0 _nPhilosophie magazine - Hors séries | Hors-série Hiver-Pritemps 2022 | HS52 | 2022-01-01 | p. 12-14 | 2104-9246
856 4 1 _uhttps://shs.cairn.info/magazine-philosophie-magazine-2022-hs52-page-12?lang=fr&redirect-ssocas=7080
999 _c2073533
_d2073533